Normal view
MARC view
- Balani N
Entry Personal Name
001 - CONTROL NUMBER
- control field: 173933
003 - CONTROL NUMBER IDENTIFIER
- control field: OSt
005 - DATE AND TIME OF LATEST TRANSACTION
- control field: 20230313130936.0
008 - FIXED-LENGTH DATA ELEMENTS
- fixed length control field: 230313|| aca||aabn | a|a d
040 ## - CATALOGING SOURCE
- Original cataloging agency: OSt
- Transcribing agency: OSt
100 ## - HEADING--PERSONAL NAME
- Personal name: Balani N
670 ## - SOURCE DATA FOUND
- Source citation: Work cat.: (OSt)133700: Balani N., Apache CXF Web Service Development:, 2010